The crime of all crimes: toward a criminology of Genocide
Gorde:
| Egile nagusia: | |
|---|---|
| Formatua: | Liburua |
| Hizkuntza: | ingelesa |
| Argitaratua: |
Nueva York
New York University Press
2016
|
| Gaiak: | |
| Etiketak: |
Etiketa erantsi
Etiketarik gabe, Izan zaitez lehena erregistro honi etiketa jartzen!
|
MARC
| LEADER | 00000cam a2200000 a 4500 | ||
|---|---|---|---|
| 001 | UCC9011 | ||
| 003 | CL-VaPUC | ||
| 008 | 190904e20160000us |||||||||||||||||eng|d | ||
| 020 | |a 9781479859481 | ||
| 082 | 0 | 4 | |a 364.151 |b RAF |2 21 |
| 100 | 0 | |a Rafter, Nicole |e author |9 603762 | |
| 245 | 1 | 4 | |a The crime of all crimes: toward a criminology of Genocide |
| 300 | |a 299 p | ||
| 942 | |c BK | ||
| 945 | |d 20190904 15:40:00 |a cmena | ||
| 260 | |a Nueva York |b New York University Press |c 2016 | ||
| 650 | 0 | |a Genocidio |9 323090 | |
| 650 | 0 | |a Criminología |9 256168 | |
| 650 | 0 | |a Derechos humanos |9 223025 | |
| 583 | |a last modification |c 20190904 15:40:00 |k Rodrigo Vera | ||
| 999 | |c 375206 |d 375204 | ||
| 952 | |0 0 |1 0 |3 erd |4 0 |6 364_151000000000000_RAF_2016 |7 0 |8 WP_COW |9 561151 |a BIBDER |b BIBDER |e Fundación W and P Cowley |i 5599105 |o 364.151 RAF 2016 |p 5599105 |r 2023-01-25 |w 2020-03-12 |y BK |z Catalogado en:20190904 |k WPC | ||